01534nam a2200289 a 4500001001000000005001700010008004100027041000800068044000700076084002000083100004500103245007400148260002900222300003000251500007600281500040000357500013300757500001000890546002500900650005200925650005600977650003401033650004501067700004001112700004201152740005001194BRCA_315320190320204133.0110209s1877----fr-a---###---#000-0#fre-u afre afr a454b.H48c18771 aCervantes Saavedra, Miguel ded1547-161610aMichel de CervantesbDon Quichotte de la ManchecMichel de Cervantes. aFranciabJ. Hetzelc1877 aviii, 543 p.bil.c28 cm. aContenido : Prefacio del traductor. Texto muy abreviado de ambas partes aEdición : Editión spéciale á l´usage de la jeunesse par Lucien Biart. Illustrée de 316 dessins par Tony Johannot. Cette édition, spéciale a la jeunesse, est tirée de la traduction compléte de Don Quichotte par M. Lucien Biart, traduction qui paraitra en février 1878 précédée d´une Notice inédite spécialment pour la traduction de M. Biart par Prosper Mérimée aEjemplar por completo igual al LO-453. Tela; lomo y planos profusamente decorados con motivos en negro y dorado Lúdovik Osterc aQM379 aTexto en : francés14aNovela españolayÉpoca clásica, 1500-170014aLiteratura españolayÉpoca clásica, 1500-170014aNovela españolaySiglo XVII14aDon Quijote (Personaje ficticio)eNovela1 aBiart, Luciend1829-1897eTraductor1 aJohannot, Tonyd1803-1852eIlustrador0 aEl Ingenioso Hidalgo Don Quijote de la Mancha